000
00331nam a22001457a 4500
008
230601b ||||| |||| 00| 0 eng d
020
_a
9780759118669
041
_a
eng
080
_2
FIFTH EDITION
_a
572
082
_a
572BOD
100
_a
44
101
_a
ANT
245
_a
CULTURAL ANTHROPOLOGY
_c
BODLEY .H .J
942
_2
udc
_c
BK
999
_c
59892
_d
59892